| 000 | 00410nam a22001697a 4500 | ||
|---|---|---|---|
| 003 | OSt | ||
| 005 | 20231121062120.0 | ||
| 008 | 230209b xxu||||| |||| 00| 0 eng d | ||
| 020 | _a9789385915949 | ||
| 040 | _cIIMT UNIVERSITY | ||
| 100 | _aKHURANA A.K ;INDU | ||
| 245 | _aANATOMY OF PHYSIOLOGY OF EYE | ||
| 250 | _a3 ED | ||
| 260 |
_aNEW DELHI CBS _bNEW DELHI CBS _c2017 |
||
| 300 | _a603 | ||
| 942 |
_2ddc _c02 |
||
| 999 |
_c56379 _d56379 |
||